<?xml version="1.0" encoding="UTF-8"?>
<record
    xmlns:xsi="http://www.w3.org/2001/XMLSchema-instance"
    xsi:schemaLocation="http://www.loc.gov/MARC21/slim http://www.loc.gov/standards/marcxml/schema/MARC21slim.xsd"
    xmlns="http://www.loc.gov/MARC21/slim">

  <leader>00732nam a2200205 b 4500</leader>
  <controlfield tag="003">3228</controlfield>
  <controlfield tag="005">20240522155849.0</controlfield>
  <controlfield tag="008">220623s9999    xx            000 0 und d</controlfield>
  <datafield tag="020" ind1=" " ind2=" ">
    <subfield code="a">9781868306343</subfield>
    <subfield code="c">Paperback (pbk)</subfield>
  </datafield>
  <datafield tag="040" ind1=" " ind2=" ">
    <subfield code="a">RDA</subfield>
    <subfield code="b">E</subfield>
    <subfield code="c">3228</subfield>
  </datafield>
  <datafield tag="082" ind1=" " ind2=" ">
    <subfield code="a">ST 516 GERM</subfield>
  </datafield>
  <datafield tag="100" ind1=" " ind2=" ">
    <subfield code="a">Germeshuizen, MJ</subfield>
    <subfield code="9">130304</subfield>
  </datafield>
  <datafield tag="245" ind1=" " ind2="0">
    <subfield code="a">Mathematics higher grade: grade 12, analytical geometry, geometry, and trigonometry/</subfield>
    <subfield code="c">M J Germeshuizen.</subfield>
  </datafield>
  <datafield tag="260" ind1=" " ind2=" ">
    <subfield code="a">Bramley, South Africa:</subfield>
    <subfield code="b">Guidelines Study Aids;</subfield>
    <subfield code="c">1999.</subfield>
  </datafield>
  <datafield tag="300" ind1=" " ind2=" ">
    <subfield code="a">220 pages: .</subfield>
    <subfield code="b">illustrations;</subfield>
    <subfield code="c">30 cm.</subfield>
  </datafield>
  <datafield tag="490" ind1=" " ind2=" ">
    <subfield code="a">The blue book series.</subfield>
  </datafield>
  <datafield tag="650" ind1=" " ind2=" ">
    <subfield code="a">Mathematics- problems, exercises,etc</subfield>
    <subfield code="9">181217</subfield>
  </datafield>
  <datafield tag="650" ind1=" " ind2=" ">
    <subfield code="a">Geometry- examinations, questions, etc</subfield>
    <subfield code="9">186861</subfield>
  </datafield>
  <datafield tag="942" ind1=" " ind2=" ">
    <subfield code="c">BOOK</subfield>
    <subfield code="2">ddc</subfield>
    <subfield code="w">367</subfield>
    <subfield code="x">Ellen Msibi</subfield>
    <subfield code="y">367</subfield>
    <subfield code="z">Ellen Msibi</subfield>
  </datafield>
  <datafield tag="999" ind1=" " ind2=" ">
    <subfield code="c">764163</subfield>
    <subfield code="d">764162</subfield>
  </datafield>
  <datafield tag="952" ind1=" " ind2=" ">
    <subfield code="0">0</subfield>
    <subfield code="1">0</subfield>
    <subfield code="2">ddc</subfield>
    <subfield code="4">0</subfield>
    <subfield code="7">0</subfield>
    <subfield code="8">500</subfield>
    <subfield code="a">SECL</subfield>
    <subfield code="b">SECL</subfield>
    <subfield code="c">Non_Fiction</subfield>
    <subfield code="d">2024-05-22</subfield>
    <subfield code="l">0</subfield>
    <subfield code="o">ST 516 GERM</subfield>
    <subfield code="p">065392</subfield>
    <subfield code="r">2024-05-22</subfield>
    <subfield code="w">2024-05-22</subfield>
    <subfield code="y">BOOK</subfield>
  </datafield>
  <datafield tag="952" ind1=" " ind2=" ">
    <subfield code="0">0</subfield>
    <subfield code="1">0</subfield>
    <subfield code="2">ddc</subfield>
    <subfield code="4">0</subfield>
    <subfield code="7">0</subfield>
    <subfield code="8">500</subfield>
    <subfield code="a">EMBAL</subfield>
    <subfield code="b">EMBAL</subfield>
    <subfield code="c">Non_Fiction</subfield>
    <subfield code="d">2026-03-20</subfield>
    <subfield code="l">0</subfield>
    <subfield code="o">ST 516 GERM</subfield>
    <subfield code="p">33228009492826</subfield>
    <subfield code="r">2026-03-20</subfield>
    <subfield code="w">2026-03-20</subfield>
    <subfield code="y">BOOK</subfield>
  </datafield>
  <datafield tag="952" ind1=" " ind2=" ">
    <subfield code="0">0</subfield>
    <subfield code="1">0</subfield>
    <subfield code="2">ddc</subfield>
    <subfield code="4">0</subfield>
    <subfield code="7">0</subfield>
    <subfield code="8">500</subfield>
    <subfield code="a">EMBAL</subfield>
    <subfield code="b">EMBAL</subfield>
    <subfield code="c">Non_Fiction</subfield>
    <subfield code="d">2026-03-27</subfield>
    <subfield code="l">0</subfield>
    <subfield code="o">ST 516 GERM</subfield>
    <subfield code="p">33228017428242</subfield>
    <subfield code="r">2026-03-27</subfield>
    <subfield code="w">2026-03-27</subfield>
    <subfield code="y">BOOK</subfield>
  </datafield>
</record>
